000 004580000a22001690004500
041 0 _aSPA
082 0 4 _aG 272.2 C1121i
100 1 _aCabada Dancourt, Octavio
245 1 0 _aLa inquisición en lima : Síntesis de su historia / Octavio Cabada Dancourt
260 _aLima, Perú : Inca
300 _a123 Pag
001 8466
942 _cBK
999 _c38613
_d38613
336 _atexto
_btxt
_2rdacontent
337 _2rdamedia
_asin mediación
_bn
338 _2rdacarrier
_avolumen
_bnc